000 00579cam a22002291 4500
001 sa 65007979
003 DLC
005 20260227112152.0
008 890612s1964 ii 000 0 urdr
010 _asa 65007979
035 _a(OCoLC)19854762
040 _aDLC
_cWaU
_dDLC
042 _apremarc
050 0 0 _aPK2182
_b.A46 1964
110 2 _aAligarh Muslim University.
_bDepartment of Urdu.
245 1 0 _aNiṣāb-i nas̲r.
260 _c[1964]
300 _a84 p.
_c25 cm.
500 _aIn Urdu.
500 _aText partially vocalized.
650 0 _aUrdu literature.
999 _c65456
_d65456